Fortalecimiento de la administración de la investigación agropecuaria en América Latina y el Caribe : informe del taller de planeación del proyecto, Bogotá, Colombia, 9 al 12 de junio de 1992 /
Guardado en:
| Autor Principal: | |
|---|---|
| Autores Corporativos: | , , |
| Otros Autores: | |
| Formato: | Libro |
| Idioma: | Spanish |
| Publicado: |
La Haya :
ISNAR,
1992.
|
| Etiquetas: |
Agregar Etiqueta
Sin Etiquetas, Sea el primero en etiquetar este registro!
|
| LEADER | 00818nam a22001815a 4500 | ||
|---|---|---|---|
| 001 | EEA.libagro005180 | ||
| 005 | 20181002090559.0 | ||
| 008 | 130809s1992####ne#a##########000#0#spa#d | ||
| 082 | 0 | 4 | |a 630.7208 |
| 100 | 1 | |a Uribe, Beatriz. | |
| 245 | 1 | 0 | |a Fortalecimiento de la administración de la investigación agropecuaria en América Latina y el Caribe : |b informe del taller de planeación del proyecto, Bogotá, Colombia, 9 al 12 de junio de 1992 / |c Beatriz Uribe, Douglas Horton. |
| 260 | |a La Haya : |b ISNAR, |c 1992. | ||
| 300 | |a 156 p. : |b il. ; |c 29 cm. | ||
| 700 | 1 | |a Horton, Douglas. | |
| 710 | 2 | |a International Service for National Agricultural Research. | |
| 710 | 2 | |a Instituto Interamericano de Cooperación Agrícola. | |
| 710 | 2 | |a Banco Interamericano de Desarrollo. | |
| 859 | |a AR-BbBCA |b BIB. AGRONOMIA |h 630.7208 |i U76 |p 1995/2451 | ||
